00199nam a2200085Ia 4500008004100000041000800041100002400049245003100073260000900104230508s1990 xx 000 0 und d aeng aDR.KHANGAONKAR P.R. aPHYSICAL METALLURGY.VOL.I. c1990